01110nam a2200253 a 4500001001000000005001700010008004100027041000800068044000700076084002000083100004500103245009400148260003500242300001700277440004200294500018100336500009200517500001000609650005200619650005600671650003400727650004500761740005000806BRCA_256320190320203852.0261108s1874----gw-a---###---#000-0dspa-u aspa agw a166b.B76c18741 aCervantes Saavedra, Miguel ded1547-161610aEl Ingenioso Hidalgo Don Quijote de la Manchaccompuesto por Miguel de Cervates Saavedra. aLeipzigbF. A. Brockhausc1874 a2 v.c19 cm. 0aColección de autores españolesn3 aContenido : v 1. Primera parte. Dedicatoria del autor. Prólogo del autor. Versos preliminares. Texto. -- v 2. Segunda parte. Dedicatoria del autor. Prólogo del autor. Texto aEdición económica, copia de la de 1866 del propio editor. Semipiel Lúdovik Osterc aQM15914aNovela españolayÉpoca clásica, 1500-170014aLiteratura españolayÉpoca clásica, 1500-170014aNovela españolaySiglo XVII14aDon Quijote (Personaje ficticio)eNovela0 aEl Ingenioso Hidalgo Don Quijote de la Mancha